LEADER 04539oam 2200589 450 001 996465616803316 005 20210521142126.0 010 $a3-540-46430-1 024 7 $a10.1007/3-540-46430-1 035 $a(CKB)1000000000211228 035 $a(SSID)ssj0000323866 035 $a(PQKBManifestationID)11285436 035 $a(PQKBTitleCode)TC0000323866 035 $a(PQKBWorkID)10304244 035 $a(PQKB)11588089 035 $a(DE-He213)978-3-540-46430-3 035 $a(MiAaPQ)EBC3063714 035 $a(MiAaPQ)EBC6414003 035 $a(PPN)155228102 035 $a(EXLCZ)991000000000211228 100 $a20210521d2000 uy 0 101 0 $aeng 135 $aurnn|008mamaa 181 $ctxt 182 $cc 183 $acr 200 00$aHybrid systems $ecomputation and control : Third International Workshop, HSCC 2000, Pittsburgh, PA, USA, March 23-25, 2000 : proceedings /$fNancy A. Lynch, Bruce H. Krogh, (Eds.) 205 $a1st ed. 2000. 210 1$aBerlin, Germany ;$aNew York, New York :$cSpringer,$d[2000] 210 4$d©2000 215 $a1 online resource (XII, 465 p.) 225 1 $aLecture Notes in Computer Science,$x0302-9743 ;$v1790 300 $aBibliographic Level Mode of Issuance: Monograph 311 $a3-540-67259-1 320 $aIncludes bibliographical references. 327 $aInvited Presentations -- Hybrid Models for Automotive Powertrain Systems: Revisiting a Vision -- Experiences in Designing and Using Formal Specification Languages for Embedded Control Software -- Model-Based Autonomous Systems for Robotic Space Exploration -- Models of Computation and Simulation of Hybrid Systems -- Selected Presentations -- Modular Specification of Hybrid Systems in Charon -- Approximate Reachability Analysis of Piecewise-Linear Dynamical Systems -- Maximal Safe Set Computation for Idle Speed Control of an Automotive Engine -- Optimization-Based Verification and Stability Characterization of Piecewise Affine and Hybrid Systems -- Invariant Sets and Control Synthesis for Switching Systems with Safety Specifications -- Verification of Hybrid Systems with Linear Differential Inclusions Using Ellipsoidal Approximations -- Theory of Optimal Control Using Bisimulations -- Behavior Based Robotics Using Hybrid Automata -- Hybrid Controllers for Hierarchically Decomposed Systems -- Beyond HyTech: Hybrid Systems Analysis Using Interval Numerical Methods -- Robust Undecidability of Timed and Hybrid Systems -- Towards a Theory of Stochastic Hybrid Systems -- Automatic Compilation of Concurrent Hybrid Factories from Product Assembly Specifications -- A Hybrid Feedback Regulator Approach to Control an Automotive Suspension System -- Ellipsoidal Techniques for Reachability Analysis -- Uniform Reachability Algorithms -- On the Existence of Solutions to Controlled Hybrid Automata -- Nonlinear Stabilization by Hybrid Quantized Feedback -- Diagnosis of Quantised Systems by Means of Timed Discrete-Event Representations -- Existence and Stability of Limit Cycles in Switched Single Server Flow Networks Modelled as Hybrid Dynamical Systems -- Hybrid Systems Diagnosis -- Decidability and Complexity Results for Timed Automata and Semi-linear Hybrid Automata -- Level Set Methods for Computation in Hybrid Systems -- Towards Procedures for Systematically Deriving Hybrid Models of Complex Systems -- Computing Optimal Operation Schemes for Chemical Plants in Multi-batch Mode -- Hybrid Systems Verification by Location Elimination -- A Dynamic Bayesian Network Approach to Tracking Using Learned Switching Dynamic Models -- Stability of Hybrid Systems Using LMIs ? A Gear-Box Application -- Invariance of Approximating Automata for Piecewise Linear Systems with Uncertainties -- Decidable Controller Synthesis for Classes of Linear Systems -- Towards a Geometric Theory of Hybrid Systems -- Controlled Invariance of Discrete Time Systems -- Dynamical Systems Revisited: Hybrid Systems with Zeno Executions. 410 0$aLecture Notes in Computer Science,$x0302-9743 ;$v1790 606 $aHybrid computers$vCongresses 606 $aDigital control systems$vCongresses 615 0$aHybrid computers 615 0$aDigital control systems 676 $a004.1/9 702 $aLynch$b Nancy A$g(Nancy Ann),$f1948- 702 $aKrogh$b Bruce H. 712 12$aHSCC (Conference) 801 0$bMiAaPQ 801 1$bMiAaPQ 801 2$bUtOrBLW 906 $aBOOK 912 $a996465616803316 996 $aHybrid systems$91381906 997 $aUNISA LEADER 02085nam 2200613 a 450 001 9910781487403321 005 20230124183555.0 010 $a1-283-17480-4 010 $a9786613174802 010 $a90-272-8514-4 035 $a(CKB)2550000000040340 035 $a(SSID)ssj0000521159 035 $a(PQKBManifestationID)12251500 035 $a(PQKBTitleCode)TC0000521159 035 $a(PQKBWorkID)10522838 035 $a(PQKB)11347280 035 $a(MiAaPQ)EBC729906 035 $a(Au-PeEL)EBL729906 035 $a(CaPaEBR)ebr10481813 035 $a(CaONFJC)MIL317480 035 $a(OCoLC)741492607 035 $a(EXLCZ)992550000000040340 100 $a20110411d2011 uy 0 101 0 $aeng 135 $aurcn||||||||| 181 $ctxt 182 $cc 183 $acr 200 00$aBi-directionality in the cognitive sciences$b[electronic resource] $eavenues, challenges, and limitations /$fedited by Marcus Callies, Wolfram R. Keller, Astrid Loho?fer 210 $aAmsterdam ;$aPhiladelphia $cJohn Benjamins Pub. Co.$d2011 215 $aviii, 313 p. $cill 225 1 $aHuman cognitive processing,$x1387-6724 ;$vv. 30 300 $aBibliographic Level Mode of Issuance: Monograph 311 $a90-272-2384-X 320 $aIncludes bibliographical references and index. 327 $apt. 1. Avenues for bi-directionality -- pt. 2. Challenges to and limitations on bi-directionality. 410 0$aHuman cognitive processing ;$vv. 30. 606 $aPsycholinguistics 606 $aCognitive science 606 $aInterdisciplinary approach to knowledge 615 0$aPsycholinguistics. 615 0$aCognitive science. 615 0$aInterdisciplinary approach to knowledge. 676 $a401/.9 701 $aCallies$b Marcus$01202712 701 $aKeller$b Wolfram R$01584434 701 $aLoho?fer$b Astrid$01584435 801 0$bMiAaPQ 801 1$bMiAaPQ 801 2$bMiAaPQ 906 $aBOOK 912 $a9910781487403321 996 $aBi-directionality in the cognitive sciences$93868247 997 $aUNINA